000 00290nam a22001337a 4500
008 170922b xxu||||| |||| 00| 0 eng d
020 _a9781574442830
041 _aeng
080 _a37
100 _a46
101 _aEDU
245 _aKIDS KILLING KIDS
_cCAPOZZOLI,TH,K
942 _2udc
_cBK
999 _c28982
_d28982